| 000 | 00372nam a22001217a 4500 | ||
|---|---|---|---|
| 082 | _aTHE 200 | ||
| 100 |
_aALI AHMED _934414 |
||
| 245 | _aTH-SOF-0773-HIGH PERFORMANCE GAN BASED SWITCH MODE CLASS F AND F POWER AMPLIFIER | ||
| 260 |
_aNUST COLLEGE OF EME _bISLAMABAD _c2001 |
||
| 650 |
_a MS-ELECT-59 MSTHESIS _972610 |
||
| 700 |
_aDR MOJEEB BIN IHSAN _918601 |
||
| 942 | _cCF | ||
| 999 |
_c578796 _d578796 |
||